| 000 | 00370nam a22001217a 4500 | ||
|---|---|---|---|
| 082 | _a220 PRO | ||
| 100 |
_aAhtisham Akbar Baig Muhammad Fateh Ali Sarim Siddique _971195 |
||
| 245 | _aPR-SOF-1431-STUN GUN, AN ELECTROSHOCK WEAPON | ||
| 260 |
_aISLAMABAD _bNUST COLLEGE OF EME _c2015 |
||
| 650 |
_aDE-ELECT-33 _971196 |
||
| 700 |
_aDr. Syed Tahir Zaidi _971197 |
||
| 942 | _cCR | ||
| 999 |
_c577849 _d577849 |
||